Statistiques concernant Harry Potter: le Souvenir de la Rencontre à l'Orphelinat

Cliquez ici pour prendre le quiz!

Statistiques générales

  • Ce quiz a été pris 44 fois
  • Le résultat moyen est 11 sur 18

Statistiques - réponses

InformationRéponses% Correct
Propriétaire du souvenirAlbus Dumbledore
100%
ObservateurAlbus Dumbledore
100%
ObservateurHarry Potter
100%
Personnage présentTom Jedusor
100%
Personnage mentionnéTom Jedusor Sr
100%
Lieu de l'observationBureau d'Albus Dumbledore
94%
Lieu du souvenirOrphelinat Wool
94%
Première apparitionHarry Potter et le Prince de Sang-Mêlé
92%
Dernière apparitionHarry Potter et le Prince de Sang-Mêlé
92%
Personnage présentAlbus Dumbledore
81%
Personnage mentionnéMerope Gaunt
56%
Personnage mentionnéElvis Gaunt
39%
Perqonnage présentMrs Cole
28%
Personnage mentionnéDennis Bishop
11%
Personnage mentionnéAmy Benson
8%
Personnage mentionnéBilly Stubbs
8%
Personnage mentionnéEric Whalley
8%
Personnage mentionnéMartha
8%

Distribution des résultats

Percentile par nombre de réponses

% des personnes avec chaque résultat

Votre développement - résultats

Vous n’avez pas pris ce quiz